Cómo leer la historia en el arte.
Guardado en:
| Autor principal: | |
|---|---|
| Otros Autores: | , |
| Formato: | Libro |
| Publicado: |
Barcelona, España:
Electa,
2010.
|
| Materias: | |
| Etiquetas: |
Agregar Etiqueta
Sin Etiquetas, Sea el primero en etiquetar este registro!
|
MARC
| LEADER | 00000nam a22000007a 4500 | ||
|---|---|---|---|
| 003 | CL-VaPUC | ||
| 005 | 20250407202446.0 | ||
| 008 | 250313t2010 ||||| |||| 00| 0 eng d | ||
| 999 | |c 447322 |d 447320 | ||
| 020 | |a 978-84-8156-477-8 | ||
| 040 | |c Pontificia Universidad Católica de Valparaíso | ||
| 082 | |a 709 SCH 2010 | ||
| 100 | |9 896792 |a Schwetje, Burkhard |e autor | ||
| 245 | |a Cómo leer la historia en el arte. | ||
| 260 | |a Barcelona, España: |b Electa, |c 2010. | ||
| 300 | |a 391 páginas: |b ilustraciones. | ||
| 500 | |a c.1.Instituto Arcos.08-01-2025. | ||
| 583 | |c 20250313 |k Gabriela Rodríguez Cuevas | ||
| 650 | 0 | |9 314877 |a Historia del arte |x Interpretación | |
| 650 | 0 | |9 255047 |a Historia |x Representación artística | |
| 650 | 0 | |9 266877 |a Historia universal |x Obras ilustradas | |
| 700 | |9 896793 |a Febbraro, Flavio |e autor | ||
| 700 | |9 879884 |a Vivanco, Juan |e traducción | ||
| 942 | |2 ddc |c BK |n 0 | ||
| 952 | |0 0 |1 0 |2 ddc |4 0 |6 709_000000000000000_SCH_2010 |7 0 |8 A |9 601198 |a BIBINC |b BIBINC |d 2025-03-13 |e Instituto Arcos |i 5666072 |o 709 SCH 2010 |p 5666072 |r 2025-03-13 |t 1 |w 2025-03-13 |y BK |k IFP | ||